Managing innovation for growth and profit

Tells us how to get good growth and profit in managing innovation

Đã lưu trong:
Sonraí Bibleagrafaíochta
Príomhúdar: Miller, Ben
Formáid: Leabhar
Teanga:Undetermined
Foilsithe: Illinois Dow Jones-Irwin 1970
Ábhair:
Clibeanna: Cuir Clib Leis
Gan Chlibeanna, Bí ar an gcéad duine leis an taifead seo a chlibeáil!
Thư viện lưu trữ: Trung tâm Học liệu Trường Đại học Cần Thơ
LEADER 00723nam a2200205Ia 4500
001 CTU_219249
008 210402s9999 xx 000 0 und d
082 |a 658 
082 |b M647 
100 |a Miller, Ben 
245 0 |a Managing innovation for growth and profit 
245 0 |c Ben Miller 
260 |a Illinois 
260 |b Dow Jones-Irwin 
260 |c 1970 
520 |a Tells us how to get good growth and profit in managing innovation 
650 |a Management,Khả năng sáng tạo trong kinh doanh,Nghề giám đốc điều hành,Kỹ năng quản lý 
650 |x Creative ability in business,Executive ability 
904 |i Nguyên 
980 |a Trung tâm Học liệu Trường Đại học Cần Thơ